Catalytic cracking feedstock composition and properties investigation for the process digital twin development purpose; Химия и химическая технология в XXI веке; Т. 2

Detalhes bibliográficos
Parent link:Химия и химическая технология в XXI веке: материалы XXII Международной научно-практической конференции студентов и молодых ученых имени выдающихся химиков Л. П. Кулёва и Н. М. Кижнера, посвященной 125-летию со дня основания Томского политехнического университета, Томск, 17-20 мая 2021 г./ Национальный исследовательский Томский политехнический университет (ТПУ) ; Инженерная школа природных ресурсов ; Исследовательская школа химических и биомедицинских технологий.— , 2021
Т. 2.— 2021.— [С. 216-217]
Autor principal: Oreshina A. A.
Autor Corporativo: Национальный исследовательский Томский политехнический университет Инженерная школа природных ресурсов Отделение химической инженерии
Outros Autores: Vymyatnin E. K. (научный руководитель), Nazarova G. Yu. Galina Yurievna, Ivashkina E. N. Elena Nikolaevna
Resumo:Заглавие с титульного экрана
Idioma:inglês
Publicado em: 2021
coleção:Химия и химическая технология на иностранном языке (английский)
Assuntos:
Acesso em linha:http://earchive.tpu.ru/handle/11683/67749
Formato: Recurso Eletrônico Capítulo de Livro
KOHA link:https://koha.lib.tpu.ru/cgi-bin/koha/opac-detail.pl?biblionumber=632967

MARC

LEADER 00000naa2a2200000 4500
001 632967
005 20231218133345.0
035 |a (RuTPU)RU\TPU\conf\34689 
035 |a RU\TPU\conf\34688 
090 |a 632967 
100 |a 20210604d2021 k y0rusy50 ba 
101 0 |a eng 
102 |a RU 
105 |a y z 101zy 
135 |a drgn ---uucaa 
181 0 |a i  
182 0 |a b 
200 1 |a Catalytic cracking feedstock composition and properties investigation for the process digital twin development purpose  |f A. A. Oreshina, E. K. Vymyatnin, G. Yu. Nazarova  |g sci. adv. E. N. Ivashkina 
203 |a Текст  |c электронный 
225 1 |a Химия и химическая технология на иностранном языке (английский) 
300 |a Заглавие с титульного экрана 
320 |a [Библиогр.: с. 217 (3 назв.)] 
461 1 |0 (RuTPU)RU\TPU\conf\34506  |t Химия и химическая технология в XXI веке  |o материалы XXII Международной научно-практической конференции студентов и молодых ученых имени выдающихся химиков Л. П. Кулёва и Н. М. Кижнера, посвященной 125-летию со дня основания Томского политехнического университета, Томск, 17-20 мая 2021 г.  |o в 2 т.  |f Национальный исследовательский Томский политехнический университет (ТПУ) ; Инженерная школа природных ресурсов ; Исследовательская школа химических и биомедицинских технологий  |d 2021 
463 1 |0 (RuTPU)RU\TPU\conf\34508  |t Т. 2  |v [С. 216-217]  |d 2021 
610 1 |a труды учёных ТПУ 
610 1 |a электронный ресурс 
610 1 |a состав 
610 1 |a свойства 
610 1 |a каталитический крекинг 
610 1 |a цифровые двойники 
610 1 |a нефтяное сырье 
610 1 |a мочевина 
610 1 |a хроматография 
700 1 |a Oreshina  |b A. A. 
701 1 |a Vymyatnin  |b E. K. 
701 1 |a Nazarova  |b G. Yu.  |c chemist  |c assistant of Tomsk Polytechnic University  |f 1990-  |g Galina Yurievna  |3 (RuTPU)RU\TPU\pers\35588  |9 18757 
702 1 |a Ivashkina  |b E. N.  |c Chemical Engineer  |c Professor of Tomsk Polytechnic University, Doctor of sciences  |f 1983-  |g Elena Nikolaevna  |4 727 
712 0 2 |a Национальный исследовательский Томский политехнический университет  |b Инженерная школа природных ресурсов  |b Отделение химической инженерии  |3 (RuTPU)RU\TPU\col\23513 
801 2 |a RU  |b 63413507  |c 20210625  |g RCR 
856 4 |u http://earchive.tpu.ru/handle/11683/67749 
942 |c BK